Statistics for South Park Surnames

Click here to take the quiz!

General Stats

  • This quiz has been taken 1,185 times
  • The average score is 8 of 24

Answer Stats

Hint Answer % Correct
EricCartman
96%
StanMarsh
93%
KennyMcCormick
69%
TokenBlack
69%
JesusChrist
59%
LeopoldStotch
58%
WendyTestaburger
53%
ClydeDonovan
35%
TweekTweak
33%
JimmyValmer
29%
CraigTucker
26%
ScottTenorman
24%
Kyle 2Brovlovski
23%
HerbertGarrison
19%
BebeStevens
14%
Dr. AlphonseMephesto
11%
JimboKern
11%
KyleSchwartz
10%
Philip (Pip)Pirrup
9%
Jerome (Chef)McElroy
5%
NedGerblanski
5%
TerranceStoot
1%
PhilipArgyle
1%

Score Distribution

Percentile by Number Answered

Percent of People with Each Score

Your Score History

You have not taken this quiz